| 000 | 01011nas a2200277 454500 | ||
|---|---|---|---|
| 001 | 28180 | ||
| 005 | 20260407193507.0 | ||
| 008 | 260407s1995####ag###########|||spa#d | ||
| 003 | AR-UNSa-BCEJYS | ||
| 040 |
_aAR-UNSa-BCEJYS _bspa _cAR-UNSa-BCEJYS |
||
| 080 |
_a327 _xRelaciones internacionales. Política internacional. Asuntos internacionales. Política exterior |
||
| 245 | 1 | 0 |
_aArchivos del presente _prevista latinoamericana de temas internacionales |
| 022 | _a0328-3151 | ||
| 264 | 1 |
_aBuenos Aires : _bFundación Foro de Sur _c1995 |
|
| 310 | _aFrecuencia: Bimestral | ||
| 942 | _cSER | ||
| 590 | _aniveau_biblio:s niveau_hierar:1 | ||
| 100 | 1 | _aFundación Foro del Sur | |
| 700 | 1 | _aJozami, Aníbal Y. | |
| 650 | _aRelaciones internacionales | ||
| 650 | _aComercio internacional | ||
| 650 | _aPolítica social | ||
| 650 | _aECONOMIA | ||
| 650 | _aINTEGRACION REGIONAL | ||
| 856 | 4 | 1 |
_uhttps://biblioeco.unsa.edu.ar/pmb/images/revistas/Archivos del Presente-r13670.jpg _yImagen de portada _qimage/jpeg |
| 999 |
_c8638 _d8638 |
||